000 00825nam a2200241 i 4500
001 bg
100 1 _aWOJTKOWIAK, Janusz
245 1 0 _aLaminarne przepływy osiowosymetryczne z dużą blokadą koncentryczną /
_cJanusz Wojtkowiak.
260 _aPoznań :
_bWydaw. PP,
_c1999.
300 _a119, [1] s. :
_bfot., rys., wykr. ;
_c24 cm.
490 1 _aRozprawy / Politechnika Poznańska,
_x0551-6528 ;
_vnr 344
500 _aStreszcz ang.
504 _aBibliogr. s. 114-119.
650 9 _aPrzepływ
_xbadanie
_xmetody
650 9 _aPrzepływomierz
_xbadanie
_xmetody
650 9 _aSymulacja
_xstosowanie
_xmechanika
830 0 _aRozprawy (Politechnika Poznańska) ;
_vnr 344
040 _cBPK
041 0 _apl
_ben
080 _a621.1.01:536.7:681.12:519.876.5
942 _cKS
008 s pl f |000 0 pol
999 _c36547
_d36547
856 _uhttp://koha.tu.koszalin.pl/cgi-bin/koha/opac-detail.pl?biblionumber=36547
_yKatalog online BPK